Millie Maven and the golden vial / Ted Dekker & ... Read More
Available copies
- 1 of 1 copy available at LARL/NWRL Consortium.
Current holds
0 current holds with 1 total copy.
Show Only Available Copies
| Location | Call Number / Copy Notes | Barcode | Shelving Location | Status | Due Date |
|---|---|---|---|---|---|
| Warroad Public Library | j DEK (Text) | 35500006661472 | Main | Available | - |
Record details
- ISBN: 9781733571845
- ISBN: 1733571841
- Physical Description: 214 pages ; 21 cm.
- Publisher: [United States] : [Ted Dekker], 2020.
Content descriptions
| General Note: | Cover art and design by Manuel Preitano. |
| Summary, etc.: | "Enter the world of Millie Maven, a ... Read More |
Search for related items by subject
| Subject: | Orphans > Juvenile fiction. Gifted children > Juvenile fiction. Gifted children. Orphans. |
| Genre: | Fiction. Juvenile works. |
Search for related items by series
| LDR | 01725cam a2200385 i 4500 | ||
|---|---|---|---|
| 001 | 413503 | ||
| 003 | LARL_NWRL_CONSORTIUM | ||
| 005 | 20230424160833.0 | ||
| 008 | 201209s2020 xxu 000 1 eng d | ||
| 040 | . | ‡aIY5 ‡beng ‡erda ‡cIY5 ‡dIY5 ‡dOCLCO ‡dOCLCF ‡dCNEDM ‡dOCLCO | |
| 020 | . | ‡a9781733571845 ‡q(paperback) | |
| 020 | . | ‡a1733571841 ‡q(paperback) | |
| 035 | . | ‡a(OCoLC)1226329364 | |
| 082 | 0 | 4. | ‡a[Fic] |
| 100 | 1 | . | ‡aDekker, Ted, ‡d1962- ‡eauthor. ‡0(LARL_NWRL_CONSORTIUM)43775 |
| 245 | 1 | 0. | ‡aMillie Maven and the golden vial / ‡cTed Dekker & Rachelle Dekker. |
| 264 | 1. | ‡a[United States] : ‡b[Ted Dekker], ‡c2020. | |
| 300 | . | ‡a214 pages ; ‡c21 cm. | |
| 336 | . | ‡atext ‡btxt ‡2rdacontent | |
| 337 | . | ‡aunmediated ‡bn ‡2rdamedia | |
| 338 | . | ‡avolume ‡bnc ‡2rdacarrier | |
| 490 | 0 | . | ‡aMillie Maven ; ‡v2 |
| 500 | . | ‡aCover art and design by Manuel Preitano. | |
| 520 | . | ‡a"Enter the world of Millie Maven, a twelve-year-old orphan who embarks on a great adventure that takes her to the distant, mysterious world of FIGS, the FarPointe Institute for Gifted Students. There, she discovers that there is more to her than she ever dared imagine or believe . . . and that there are some truths that change everything" --from the publisher. | |
| 650 | 0. | ‡aOrphans ‡vJuvenile fiction. ‡0(LARL_NWRL_CONSORTIUM)166522 | |
| 650 | 0. | ‡aGifted children ‡vJuvenile fiction. | |
| 650 | 7. | ‡aGifted children. ‡2fast ‡0(LARL_NWRL_CONSORTIUM)21234 | |
| 650 | 7. | ‡aOrphans. ‡2fast ‡0(LARL_NWRL_CONSORTIUM)27331 | |
| 655 | 7. | ‡aFiction. ‡2fast | |
| 655 | 7. | ‡aJuvenile works. ‡2fast | |
| 700 | 1 | . | ‡aDekker, Rachelle, ‡eauthor. ‡0(LARL_NWRL_CONSORTIUM)221238 |
| 901 | . | ‡a413503 ‡b ‡c413503 ‡tbiblio | |

Add to basket
Permalink
Disable Highlighting